| 000 | 01119pab a2200193 454500 | ||
|---|---|---|---|
| 008 | 180718b2011 xxu||||| |||| 00| 0 eng d | ||
| 100 | _aBarik, R.K. | ||
| 245 | _aRole of common man in urban planning: The case of old Delhi | ||
| 260 | _c2011 | ||
| 300 | _ap.116-151. | ||
| 362 | _aJan-Mar | ||
| 520 | _aBy the end of the 20th Century, urbanisation process has reached warning signs due to uncontrolled and unplanned urban expansion. As a result, urban planning has emerged as the practical solution of the haphazard urban growth. It demands on increased public participation ensuring sustainable planning process. This article summarizes the efforts taken up by various countries to formulate plans that involve local people in the decision making process, especially where the plan makes direct impact on them. Moreover, the article reviews the role of the professionals in facilitating public participation in urban planning process. - Reproduced. | ||
| 650 | _aUrban planning - India - Delhi | ||
| 650 | _aUrban planning | ||
| 700 | _aKapoor, Anika | ||
| 773 | _aNagarlok | ||
| 908 | _aN | ||
| 909 | _a92344 | ||
| 999 |
_c92344 _d92344 |
||